| Tag |
First Indicator |
Second Indicator |
Subfields |
| LEADER |
00000cam a2200000Ea 4500 |
| 001 |
in00000071060 |
| 005 |
20151008062033.0 |
| 008 |
771026s1978 enka j 00000 engm |
| 010 |
|
|
|a 77017155
|
| 020 |
|
|
|a 0001837036 :
|c $6.95
|
| 020 |
|
|
|a 0001837346 (lib. bdg. :)
|c $6.91
|
| 035 |
|
|
|a (OCoLC)03414514
|
| 035 |
|
|
|9 AAJ9383AM
|
| 040 |
|
|
|a DLC
|c DLC
|d OCL
|d m.c.
|d TXA
|d UtOrBLW
|
| 043 |
|
|
|a e-uk-ni
|
| 049 |
|
|
|a [Curr Col] TXAM
|c [1422076]
|
| 050 |
0 |
0 |
|a PZ8.3
|b .W56
|
| 082 |
1 |
|
|a 398.8
|
| 245 |
0 |
0 |
|a What do you feed your donkey on? :
|b rhymes from a Belfast childhood /
|c collected by Colette O'Hare ; illustrated by Jenny Rodwell.
|
| 264 |
|
1 |
|a London ;
|a New York :
|b Collins,
|c 1978.
|
| 300 |
|
|
|a 32 pages :
|b illustrations (some color) ;
|c 21 cm.
|
| 336 |
|
|
|a text
|b txt
|2 rdacontent
|
| 337 |
|
|
|a unmediated
|b n
|2 rdamedia
|
| 338 |
|
|
|a volume
|b nc
|2 rdacarrier
|
| 520 |
|
|
|a An illustrated collection of traditional rhymes, songs, and street chants from Belfast.
|
| 650 |
|
0 |
|a Nursery rhymes, Irish.
|
| 650 |
|
0 |
|a Street musicians
|v Juvenile literature.
|
| 650 |
|
1 |
|a Cries.
|
| 650 |
|
1 |
|a Street musicians.
|
| 650 |
|
0 |
|a Cries
|z Northern Ireland
|z Belfast
|v Juvenile literature.
|
| 650 |
|
0 |
|a Cries
|z Northern Ireland
|z Belfast.
|
| 700 |
1 |
|
|a O'Hare, Colette.
|
| 700 |
1 |
|
|a Rodwell, Jenny.
|
| 999 |
|
|
|a MARS
|
| 999 |
f |
f |
|s adeb412e-8d4b-3cc8-9cba-ccbcdf4a2599
|i fecae9b8-6b89-3bf6-b707-94c3b22d9d26
|t 0
|
| 952 |
f |
f |
|p ric
|a Texas A&M University
|b Rellis Campus
|c Joint Library Facility
|d Remote Storage
|t 0
|e PZ8.3 .W56
|h Library of Congress classification
|i unmediated -- volume
|m A14806055505
|
| 998 |
f |
f |
|a PZ8.3 .W56
|t 0
|l Remote Storage
|